00378nam a2200133 a 450000500170000000800410001705000220005810000160008024500570009626000370015344000200019065000160021065000180022620140414131923.0101026s19uu xx 00 eng d aM 362.4bT36 2001 aThomas, Pat aDon't call me special :ba first look at disability. aLondon :bHodder Wayland,c2001. aA first look at aHandicapped aSpecial child